| 000 | 00834nam a22001577a 4500 | ||
|---|---|---|---|
| 003 | OSt | ||
| 005 | 20151208161619.0 | ||
| 008 | 151208b xxu||||| |||| 00| 0 eng d | ||
| 040 | _cRUA | ||
| 082 | _aATM CHY 2007 B194 Or.1 | ||
| 100 |
_94551 _aCHY VOLEAK; ជី វរលក្ខណ៍ |
||
| 245 | _aThe evaluation on iron in pump-well water of church world service in romeas hek district svay rieng province, ការវាយតំលៃសារធាតុដែកនៅក្នុងទឹកអណ្ដូងស្នប់របស់អង្គការគ្រឹស្តសាសនាបំរើពិភពលោក នៅក្នុងស្រុករមាសហែក ខេត្តស្វាយរៀង, | ||
| 260 |
_aPhnom Penh _bRUA _c2007 |
||
| 300 |
_axiv; 53p. _bill. _c29cm. |
||
| 942 |
_2ddc _cATM |
||
| 999 |
_c4241 _d4241 |
||